000 00950nam a2200301 i 4500
001 bg
100 1 _aSterna, Małgorzata.
245 0 _aLate work scheduling in shop systems /
_cMałgorzata Sterna.
260 _aPoznań :
_bWydawnictwo Politechniki Poznańskiej,
_c2006.
300 _a191, [1] s. :
_bwykr. ;
_c24 cm
490 1 _aRozprawy / Politechnika Poznańska,
_x0551-6528 ;
_vnr 405
504 _aBibliogr.
546 _aStreszcz. pol.
650 9 _aProdukcja
_xautoamtyzacja
650 9 _aProdukcja
_xoptymalizacja
650 9 _aProgramowanie dynamiczne
_xstosowanie
650 9 _aElastyczne systemy produkcyjne
830 0 _aRozprawy - Politechnika Poznańska
_x0551-6528
_vnr 405
020 _a9788371432699
020 _a05516528
040 _cBPK
041 0 _aeng
_bpol
044 _apol
080 _a658.5-048.34:519.85/.86
920 _a978-83-7143-269-9
942 _cKS
008 s pl f |000 0 pol
999 _c54045
_d54045
856 _uhttp://koha.tu.koszalin.pl/cgi-bin/koha/opac-detail.pl?biblionumber=54045
_yKatalog online BPK